Central Library OPAC University of Rajshahi

English two / (Record no. 7586)

MARC details
000 -LEADER
fixed length control field 00770nam a22002417a 4500
001 - CONTROL NUMBER
control field 7586
003 - CONTROL NUMBER IDENTIFIER
rucl marc code BD-RjUL
005 - DATE AND TIME OF LATEST TRANSACTION
control field 20211208234436.0
008 - FIXED-LENGTH DATA ELEMENTS--GENERAL INFORMATION
fixed length control field 140115r19601955enkc|||| |||| 001 0 eng d
035 ## - SYSTEM CONTROL NUMBER
System control number (BD-RjUL)7630
040 ## - CATALOGING SOURCE
Original cataloging agency BD-RjUL
Language of cataloging eng
Transcribing agency BD-RjUL
041 ## - LANGUAGE CODE
Language code of text/sound track or separate title eng
082 04 - DEWEY DECIMAL CLASSIFICATION NUMBER
Classification number 808.042
Author mark and year OME 1960
100 1# - MAIN ENTRY--PERSONAL NAME
Personal name O'Malley, Raymond
9 (RLIN) 23673
245 1# - TITLE STATEMENT
Title English two /
Statement of responsibility, etc. Raymond O'Malley, Denys Thompson.
260 ## - PUBLICATION, DISTRIBUTION, ETC. (IMPRINT)
Place of publication, distribution, etc. London :
Name of publisher, distributor, etc. Heinemann Educational,
Date of publication, distribution, etc. 1955 [reprint 1960].
300 ## - PHYSICAL DESCRIPTION
Pagination x, 272 p. :
Illustrations ill. ;
Size 19 cm.
504 ## - BIBLIOGRAPHY, ETC. NOTE
Bibliography, etc Include index.
650 ## - SUBJECT ADDED ENTRY--TOPICAL TERM
Topical term or geographic name as entry element English language -- Rhetoric.
9 (RLIN) 23674
700 1# - ADDED ENTRY--PERSONAL NAME
Personal name Thompson, Denys
856 ## - ELECTRONIC LOCATION AND ACCESS
Materials specified WorldCat
Uniform Resource Identifier <a href="http://www.worldcat.org/title/english-two/oclc/19608503&referer=brief_results">http://www.worldcat.org/title/english-two/oclc/19608503&referer=brief_results</a>
942 ## - ADDED ENTRY ELEMENTS (KOHA)
Source of classification or shelving scheme Dewey Decimal Classification
Koha item type Books
Holdings
Lost status Source of classification or shelving scheme Damaged status Not for loan Collection code Permanent Location Current Location Shelving location Date acquired Source of acquisition Total Checkouts Full call number Date last seen Copy number Koha item type
  Dewey Decimal Classification   Not For Loan Non-fiction Central Library, University of Rajshahi Central Library, University of Rajshahi   15/07/1976 USIS   808.042 OME 1960 15/01/2014 C-1 Books